000 00928na a2200277 4500
001 17726
003 MIRAKIL
005 20181213154923.0
008 161103b tu 000 0
020 _a9754401144
035 _a17726
040 _aMilas
_btur
_cTR-AnCHP
041 _atur
082 _a337.142
_bA64a 1992
090 _a337.142 A64a 1992
100 _aArıkbay, Canan
245 _aAvrupa Topluluğu'na tam üyeliğin Türkiye'nin tarımsal ürünler üretimi, fiyatları ve dış ticaretinde yaratacağı olası değişmeler
_cCanan Arıkbay
260 _aAnkara
_bMilli Prodüktivite Merkezi (MPM)
_c1992
300 _a101 s.
_bçizelge
_c23 sm.
490 _aMilli Prodüktivite Merkezi (MPM) Yayınları
_v479
504 _aKaynakça var.
650 _aAvrupa Ekonomi Topluluğu
650 _aUluslararası ekonomi
_xTarım
_yDış ticaret
650 _aAB
_xTam üyelik
_yTicaret
942 _2dcc
_cBKS
999 _c3189
_d3189